Schaum`s Introduction to Digital Systems (Record no. 2611)

MARC details
000 -LEADER
fixed length control field 00434nam a2200169Ia 4500
008 - FIXED-LENGTH DATA ELEMENTS--GENERAL INFORMATION
fixed length control field 221030s9999 xx 000 0 und d
020 ## - INTERNATIONAL STANDARD BOOK NUMBER
ISBN 007058929
041 ## - LANGUAGE CODE
Language code of text/sound track or separate title
082 ## - DEWEY DECIMAL CLASSIFICATION NUMBER
Classification number 105.23
Item number Pal
100 ## - MAIN ENTRY--AUTHOR NAME
Personal name J. E. Palmer
245 #0 - TITLE STATEMENT
Title Schaum`s Introduction to Digital Systems
Statement of responsibility, etc by J. E. Palmer, D. E. Perlman
260 ## - PUBLICATION, DISTRIBUTION, ETC. (IMPRINT)
Name of publisher TMH
Place of publication New Delhi
Year of publication 2004
300 ## - PHYSICAL DESCRIPTION
Number of Pages 395
650 ## - SUBJECT ADDED ENTRY--TOPICAL TERM
Topical Term Computers
700 ## - ADDED ENTRY--PERSONAL NAME
Personal name D. E. Perlman
942 ## - ADDED ENTRY ELEMENTS (KOHA)
Koha item type Books
Holdings
Accession Number Cost, normal purchase price Full call number Price effective from Koha item type Withdrawn / writtenoff status Materials specified (bound volume or other part) Damaged status Not for loan Permanent Location Current Location Shelving location Date acquired Lost/ Missing status department
M 909 265.00 105.23 Pal 10/30/2022 Books   Print     MIET Library, Jammu MIET Library, Jammu BL-Academic Block- B, FL-2, CUP-26, SH-6, R-6 09/04/2006   MCA
M 910 265.00 105.23 Pal 10/30/2022 Books   Print     MIET Library, Jammu MIET Library, Jammu BL-Second, FL-1, CUP-95, SH-5, R-5 09/04/2006   MCA
M 911 265.00 105.23 Pal 10/30/2022 Books   Print     MIET Library, Jammu MIET Library, Jammu BL-Academic Block- B, FL-2, CUP-95, SH-6, R-6 09/04/2006   MCA
M 912 265.00 105.23 Pal 10/30/2022 Books   Print     MIET Library, Jammu MIET Library, Jammu BL-Academic Block- B, FL-2, CUP-95, SH-6, R-6 09/04/2006   MCA
M 913 265.00 105.23 Pal 10/30/2022 Books   Print     MIET Library, Jammu MIET Library, Jammu BL-Academic Block- B, FL-2, CUP-95, SH-6, R-6 09/04/2006   MCA